000 00984nam a2200301 c 4500
999 _c81626
_d81626
003 BLK
005 20220225165947.0
008 180408b bul|||||r ||||||| ||bul||
010 _aKNG00086130000
020 _a978-954-321-445-7
040 _aBLK
041 _aBUL
_cBUL
080 _aБългарска литература
_b821.163.2
_x-1
_z821.163.2-1
100 1 _aСимеонова, Гатя Гатева
_eпърви автор
_9369082
139 _aСимеонова, Гатя Гатева
_bС 37
245 1 0 _aУнаследяване
_bРанни стихове
_cГатя Гатева Симеонова.
257 _aBGR
260 _bИзток-Запад
_c2008
300 _a48 с.
_bс ил.
_c22 см
380 _aX
590 _aф
659 _aК
852 _aЦб 241677
852 _aК 821.163.2/С 37 Г
856 4 _qpdf
856 4 _qpdf
942 _cKNG
_n0
_s1
944 _aCR
_c31.10.2008
_kГеновева_Генчева
944 _aED
_c19.02.2009
999 _d81626